Ponuka cestovného ruchu pre zdravotne znevýhodnených návštevníkov na Slovensku

Bibliographic Details
Main Authors: Marčeková, Radka, 1979- (Author), Šebová, Ľubica, 1978- (Author)
Format: Book
Language:Slovak
PhysicalDescription:293 strán tabuľky 21 cm 1 CD
Published: Banská Bystrica Belianum 2020
ISBN:9788055717852
Edition:Prvé vydanie
Series:Ekonomická fakulta
Studia oeconomica 71
Subjects:

MARC

LEADER 00000nam a2200000 4500
001 vtls012017669
003 SK-MaSNL
005 20260425234050.0
008 210311s2020 xo k g 000 0dslo
015 |a SNBA2021/09 
020 |a 9788055717852  |q (brožované) 
040 |a SNK  |b slo  |c SNK  |e rda 
041 0 |a slo  |b eng 
043 |a e-xo--- 
044 |a xo  |c SK 
072 7 |a 338.3/.4  |x Hospodárske a výrobné odvetvia  |2 konspekt 
080 |a 338.48  |2 2011 
080 |a 316.344.6-056.26/.3  |2 2011 
080 |a (437.6)  |2 2011 
080 |a (048.8)  |2 2011 
100 1 |a Marčeková, Radka,  |d 1979-  |4 aut  |9 207206 
245 1 0 |a Ponuka cestovného ruchu pre zdravotne znevýhodnených návštevníkov na Slovensku  |c Radka Marčeková, Ľubica Šebová 
250 |a Prvé vydanie 
264 1 |a Banská Bystrica  |b Belianum  |c 2020 
300 |a 293 strán  |b tabuľky  |c 21 cm  |e 1 CD 
336 |a text  |b txt  |2 rdacontent 
337 |a bez média  |b n  |2 rdamedia 
338 |a zväzok  |b nc  |2 rdacarrier 
366 |e 100 kusov 
490 1 |a Ekonomická fakulta 
490 1 |a Studia oeconomica  |v 71 
500 |a Obsahuje profesijné údaje o autorkách 
504 |a Bibliografia na strane 249-284 ; poznámky 
546 |a Anglické resumé 
650 0 7 |a cestovný ruch  |2 SNKPH  |9 999 
650 0 7 |a zdravotne postihnuté osoby  |2 SNKPH  |9 1249 
650 0 7 |a Tourism  |2 SNKPHeng  |9 266335 
650 0 7 |a Handicapped persons  |2 SNKPHeng  |9 268369 
650 0 7 |a Invalid persons  |2 SNKPHeng  |9 268368 
651 7 |a Slovensko  |2 SNKPHgeo  |9 14231 
651 7 |a Slovakia  |2 SNKPHeng  |9 92630 
655 7 |a monografie  |2 SNKPH  |9 70139 
655 7 |a Monographs  |2 SNKPHeng  |9 120675 
700 1 |a Šebová, Ľubica,  |d 1978-  |4 aut  |9 196238 
710 2 |a Univerzita Mateja Bela v Banskej Bystrici.  |b Ekonomická fakulta  |4 pbl 
810 2 |a Univerzita Mateja Bela v Banskej Bystrici.  |t Ekonomická fakulta 
810 2 |a Univerzita Mateja Bela v Banskej Bystrici.  |t Studia oeconomica  |9 303279 
852 |a Štátna vedecká knižnica v Banskej Bystrici 
919 |a 978-80-557-1785-2 
958 |a NB 
999 |c 783613  |d 785543 
952 |a SNK  |b SNK  |y PREZ  |7 0  |p 17A1454380  |o snkSC 192718  |i snk2021/5443  |8 0  |3 Dokument obsahuje prílohu: 1 CD  |0 0  |1 0  |4 0  |d 2021-05-21  |f 1  |l 0  |r 2025-10-09 00:00:00  |w 2026-02-24 
952 |a SNK  |b SNK  |y PREZ  |7 0  |p 17A1454381  |o snkSC 192718/príl.  |i snk2021/5443  |8 0  |z Príl.: 1 CD  |0 0  |1 0  |4 0  |d 2021-05-21  |f 1  |l 0  |r 2025-10-09 00:00:00  |w 2026-02-24 
952 |a SNK  |b SNK  |y VYP  |7 0  |p 17A1454382  |o snkSC 192718 D1  |i snk2021/5446  |8 0  |3 Dokument obsahuje prílohu: 1 CD  |0 0  |1 0  |4 0  |d 2021-05-21  |l 0  |r 2026-02-24 01:12:03  |w 2026-02-24 
952 |a SNK  |b SNK  |y PREZ  |7 0  |p 17A1454383  |o snkSC 192718/príl. D1  |i snk2021/5446  |8 0  |z Príl.: 1 CD  |0 0  |1 0  |4 0  |d 2021-05-21  |l 0  |r 2026-02-24 01:12:03  |w 2026-02-24